[Event "2009 Standard Chess Dropout Tournament, Round 4"]
[Site "SchemingMind.com"]
[Date "2009.12.12"]
[Round "4"]
[White "baron1"]
[Black "TRFz"]
[Result "1-0"]
[WhiteCountry "ENG"]
[BlackCountry "GBR"]
[WhiteElo "2418"]
[WhiteRD "100"]
[BlackElo "2204"]
[BlackRD "82"]
[GameID "230416"]

1. c4 Nf6 2. d4 g6 3. Nc3 d5 4. Nf3 Bg7 5. cxd5 Nxd5 6. e4 Nxc3 7. bxc3 c5 8. Rb1 O-O 9. Be2 b6 10. O-O Bb7
11. Qd3 Ba6 12. Qe3 Qd7 13. d5 Bxe2 14. Qxe2 Bxc3 15. Qc4 Bg7 16. Re1 e6 17. Bf4 exd5 18. exd5 Qf5 19. Bg5 Nd7 20. Be7 Rfc8
21. d6 a6 22. a4 Rcb8 23. h3 Ra7= 24. Nh4 Qh5 25. g4 Qh6 26. Nf3 Bh8 27. Re4 Qg7 28. Rf4 h6 29. Qd5 Qh7 30. Kg2 g5
31. Rf5 b5 32. axb5 axb5 33. Bxg5
1-0

[Event "2009 Standard Chess Dropout Tournament, Round 4"]
[Site "SchemingMind.com"]
[Date "2009.12.14"]
[Round "4"]
[White "bernadjm"]
[Black "wilfried"]
[Result "1/2-1/2"]
[WhiteCountry "ESP"]
[BlackCountry "GER"]
[WhiteElo "2332"]
[WhiteRD "121"]
[BlackElo "2415"]
[BlackRD "117"]
[GameID "230417"]

1. e4 c5 2. Nf3 Nc6 3. Bb5 d6 4. c3 Nf6 5. Qe2 Bg4 6. d4 d5 7. exd5 Qxd5 8. dxc5 O-O-O 9. Nbd2 Qxc5 10. a4 Qd5
11. Nc4 e5 12. Bxc6 Qxc6 13. Ncxe5 Bxf3 14. Nxf3 Bc5 15. O-O Rhe8 16. Qc2 Qe4 17. Qxe4 Nxe4 18. Bf4 f6 19. Nd4 Bxd4 20. cxd4 Nd6
21. Rfe1 Kd7 22. Kf1 Nf5 23. Rad1 Rxe1+ 24. Kxe1 Rc8 25. g4 Re8+ 26. Kf1 Re4 27. Bb8 Rxg4 28. Bxa7 Rh4 29. Kg2 Rg4+ 30. Kf3 Rh4
31. a5 Rxh2 32. Rc1 Ne7 33. Kg3 Rh5 34. b4 Rg5+ 35. Kf3 Rf5+= 36. Kg2 g6 37. f3 Nd5 38. Rb1 h5 39. Rb3=
1/2-1/2

[Event "2009 Standard Chess Dropout Tournament, Round 4"]
[Site "SchemingMind.com"]
[Date "2009.12.15"]
[Round "4"]
[White "C. H. O'D. Schlechter"]
[Black "Apocalypse"]
[Result "1/2-1/2"]
[WhiteCountry "USA"]
[BlackCountry "USA"]
[WhiteElo "2427"]
[WhiteRD "76"]
[BlackElo "2600"]
[BlackRD "71"]
[GameID "230418"]

1. e4 c6 2. d4 d5 3. Nc3 b5 4. Bd3 b4 5. Nce2 dxe4 6. Bxe4 Nf6 7. Bd3 e6 8. Nf3 Bd6 9. O-O O-O 10. Bg5 Nbd7
11. c3 c5 12. dxc5 Bxc5 13. cxb4 Bxb4 14. Qa4 Be7 15. Qh4 Re8 16. Rfd1 Bb7 17. Bxf6 Nxf6 18. Bxh7+ Nxh7 19. Rxd8 Bxh4 20. Rxe8+ Rxe8
21. Nxh4 Rd8 22. b3 Nf6 23. Nf3 Bxf3 24. gxf3 Rd2 25. Nc3 Rc2 26. Nb5 a6 27. Nd4 Rb2 28. Nc6 Nd5 29. Kg2 g6 30. Kg3 Kg7
31. h3 g5 32. Ne5 Rc2 33. Nd3 a5 34. Ne5 Ne7 35. Nc4 Nf5+ 36. Kg2 a4 37. Na3 Nh4+ 38. Kf1 Rc8 39. bxa4 Ra8 40. Nb5 Rxa4
41. Ke2 Ng6 42. Nc3 Ra3 43. Kd2 Nf4 44. Rh1 Nd5 45. Nxd5 exd5 46. h4 gxh4 47. Rxh4 Rxa2+ 48. Ke3 Ra3+ 49. Ke2 Kf6 50. Rb4 Kf5
51. Rb5 Ke5 52. f4+ Ke4 53. Rb4+ d4 54. f3+ Rxf3 55. Rxd4+=
1/2-1/2

[Event "2009 Standard Chess Dropout Tournament, Round 4"]
[Site "SchemingMind.com"]
[Date "2009.12.15"]
[Round "4"]
[White "John M. Sargent"]
[Black "bernadjm"]
[Result "1/2-1/2"]
[WhiteCountry "ENG"]
[BlackCountry "ESP"]
[WhiteElo "2309"]
[WhiteRD "90"]
[BlackElo "2331"]
[BlackRD "118"]
[GameID "230420"]

1. Nf3 Nf6 2. d4 g6 3. Nc3 d5 4. Bf4 Bg7 5. e3 O-O 6. Be2 c6 7. h3 b6 8. O-O Ba6 9. Re1 c5 10. Bxa6 Nxa6
11. Qe2 Qc8 12. Rad1 Rd8 13. Nb5 Qb7 14. a3 Rac8 15. Ne5 Nb8 16. c4 a6 17. Nc3 cxd4 18. Rxd4 dxc4 19. Rxd8+ Rxd8 20. Qxc4 e6
21. Qe2 Nbd7 22. Rd1 Nd5 23. Nxd5 Nxe5 24. Nf6+ Bxf6 25. Rxd8+ Bxd8 26. Bxe5 Bc7 27. Bf6 Qe4 28. Qd1 b5 29. Qc1 Qc4 30. Qxc4 bxc4
31. g4 Kf8 32. Kg2 Ke8 33. Kf3 Kd7 34. Ke4 Bb6= 35. Ke5 Kc6 36. Be7 Kd7 37. Bf6 Kc6 38. a4 Kd7 39. h4 Bc5 40. h5 gxh5
41. gxh5 Ke8 42. Kf4 Kf8 43. Ke4 Ke8 44. Kf4 Kf8 45. Kf3 Ke8 46. Ke4 Kd7= 47. Ke5 Ke8 48. Bg7 Ke7 49. Bf6+ Ke8
1/2-1/2

[Event "2009 Standard Chess Dropout Tournament, Round 4"]
[Site "SchemingMind.com"]
[Date "2009.12.15"]
[Round "4"]
[White "chesshub"]
[Black "joralx3"]
[Result "0-1"]
[WhiteCountry "FRA"]
[BlackCountry "ARG"]
[WhiteElo "2444"]
[WhiteRD "67"]
[BlackElo "2532"]
[BlackRD "103"]
[GameID "230421"]

1. e4 c5 2. Nf3 Nc6 3. Nc3 d6 4. d4 cxd4 5. Nxd4 e5 6. Nf3 Nf6 7. Bg5 Be7 8. Bc4 Be6 9. Bb3 O-O 10. O-O Nd7
11. Be3 Rc8 12. Qe2 Na5 13. Bxe6 fxe6 14. Nd2 a6 15. Rad1 b5 16. a3 Qc7 17. Qg4 Rf6 18. h4 Rg6 19. Qh3 h6 20. f4 exf4
21. h5 Rf6 22. Rxf4 Re8 23. Rdf1 Kh8 24. R1f3 Rxf4 25. Bxf4 Bf6 26. Qg3 Be5 27. Kh1 Nc6 28. Ne2 Qd8 29. Bxe5 Ncxe5 30. Rf4 Nf6
31. Rh4 Qa5 32. b4 Qc7 33. Nd4 Nf7 34. c3 e5 35. Ne2 Ng5 36. Kh2 Rf8 37. Ng1 Kg8 38. Nh3 Ne6 39. Qd3 Rc8 40. Nf3 Qc6
41. Nfg1 Ng5 42. Nxg5 hxg5 43. Rh3 Nxe4 44. Re3 d5 45. Ne2 Qe6 46. Kg1 Rc6 47. Rf3 g4 48. Rf1 Rc7 49. Qe3 Rf7 50. Rxf7 Qxf7
51. Ng3 Nxg3 52. Qxg3 Qf4 53. Qd3 g3 54. Qxd5+ Kh7
0-1

[Event "2009 Standard Chess Dropout Tournament, Round 4"]
[Site "SchemingMind.com"]
[Date "2009.12.15"]
[Round "4"]
[White "CuriousShadow"]
[Black "GBEDARD"]
[Result "0-1"]
[WhiteCountry "USA"]
[BlackCountry "USA"]
[WhiteElo "2012"]
[WhiteRD "129"]
[BlackElo "2130"]
[BlackRD "92"]
[GameID "230422"]

1. e4 g6 2. d4 Bg7 3. Nc3 c6 4. Be3 d5 5. f3 Qb6 6. Qd2 Qxb2 7. Rb1 Qa3 8. Bd3 b5 9. Nh3 Bxh3 10. gxh3 Nh6
11. Rb3 Qa5 12. Bxh6 O-O 13. Bxg7 Kxg7 14. O-O e5 15. exd5 exd4 16. Ne4 Qxd2 17. Nxd2 a6 18. dxc6 Nxc6 19. a4 bxa4 20. Ra3 Nb4
21. Rxa4 Rab8 22. Kf2 Rfc8 23. Nc4 Rc5 24. Ke2 Rh5 25. Rb1 Rhb5 26. Nd6 Nxd3 27. Nxb5 Nf4+ 28. Kd2 axb5 29. Rxd4 Nxh3 30. Rd5 Re8
31. Re1 Rb8
0-1

[Event "2009 Standard Chess Dropout Tournament, Round 4"]
[Site "SchemingMind.com"]
[Date "2009.12.14"]
[Round "4"]
[White "Danzino"]
[Black "Han Solo"]
[Result "1-0"]
[WhiteCountry "GBR"]
[BlackCountry "HUN"]
[WhiteElo "2002"]
[WhiteRD "95"]
[BlackElo "1930"]
[BlackRD "83"]
[GameID "230423"]

1. e4 c5 2. Nf3 Nc6 3. d4 cxd4 4. Nxd4 Nf6 5. Nc3 e5 6. Ndb5 d6 7. Nd5 Nxd5 8. exd5 Nb8 9. c4 Be7 10. Bd3 a6
11. Nc3 O-O 12. O-O f5 13. f3 Nd7 14. Be3 Bg5 15. Bf2 Qf6 16. Bc2
1-0

[Event "2009 Standard Chess Dropout Tournament, Round 4"]
[Site "SchemingMind.com"]
[Date "2009.12.15"]
[Round "4"]
[White "Faloan"]
[Black "MARISCAL"]
[Result "0-1"]
[WhiteCountry "GER"]
[BlackCountry "ESP"]
[WhiteElo "2154"]
[WhiteRD "89"]
[BlackElo "2316"]
[BlackRD "89"]
[GameID "230424"]

1. e4 e6 2. d4 d5 3. Nc3 Nf6 4. Bg5 dxe4 5. Nxe4 Be7 6. Bxf6 gxf6 7. Nf3 b6 8. Bd3 Bb7 9. Qe2 c6 10. c4 Qc7
11. Nc3 Nd7 12. O-O O-O-O 13. Rfd1 Kb8 14. a3 Qf4 15. b4 Rhg8 16. c5 Qg4 17. g3 h5 18. a4 h4 19. a5 hxg3 20. fxg3 b5
21. a6 Ba8 22. Rf1 f5 23. Kh1 Bf6 24. Qe3 Rh8 25. Ne2 Qg7 26. Ra5 Rdg8 27. Rg1 Bd8
0-1

[Event "2009 Standard Chess Dropout Tournament, Round 4"]
[Site "SchemingMind.com"]
[Date "2009.12.11"]
[Round "4"]
[White "Fiesty 50"]
[Black "Ryan"]
[Result "1-0"]
[WhiteCountry "ENG"]
[BlackCountry "NED"]
[WhiteElo "2285"]
[WhiteRD "87"]
[BlackElo "2103"]
[BlackRD "113"]
[GameID "230425"]

1. e4 c5 2. Nc3 d6 3. Nge2 Nf6 4. d4 cxd4 5. Nxd4 a6 6. Be3 e5 7. Nb3 Be7 8. f3 Be6 9. Qd2 h5 10. Be2 Nbd7
11. Nd5 Nxd5 12. exd5 Bf5 13. O-O h4 14. Na5 Qc7 15. Rfc1 b6 16. Nc6 h3 17. g3 Nf6 18. c4 e4 19. Qd4 exf3 20. Bxf3 Nd7
21. Nxe7 Kxe7 22. Qxg7 Rag8 23. Bg5+ Ke8 24. Re1+ Be6 25. Rxe6+
1-0

[Event "2009 Standard Chess Dropout Tournament, Round 4"]
[Site "SchemingMind.com"]
[Date "2009.12.15"]
[Round "4"]
[White "Girkassa"]
[Black "remigius"]
[Result "0-1"]
[WhiteCountry "NOR"]
[BlackCountry "ESP"]
[WhiteElo "2221"]
[WhiteRD "80"]
[BlackElo "2109"]
[BlackRD "105"]
[GameID "230427"]

1. e4 e6 2. d4 d5 3. Nc3 Nf6 4. Bg5 dxe4 5. Nxe4 Be7 6. Bxf6 gxf6 7. Nf3 b6 8. Bd3 Bb7 9. Qe2 c6 10. O-O-O Qc7
11. c4 Nd7 12. Kb1 O-O-O 13. d5 cxd5 14. cxd5 Bxd5 15. Rc1 Nc5 16. b4 Nxd3 17. Rxc7+ Kxc7 18. Nc3 Bxb4 19. Nxd5+ Rxd5 20. Qe4 Kb7
21. Qh4 Rc8 22. a4 Rc3 23. Qxf6 Rb3+ 24. Ka2 Ra3+ 25. Kb1 Ka6 26. Rc1 Nxc1 27. Kxc1 Rc5+ 28. Kd1 Ra2 29. Qxf7 Rd5+
0-1

[Event "2009 Standard Chess Dropout Tournament, Round 4"]
[Site "SchemingMind.com"]
[Date "2009.12.10"]
[Round "4"]
[White "Han Solo"]
[Black "Stephen"]
[Result "0-1"]
[WhiteCountry "HUN"]
[BlackCountry "ENG"]
[WhiteElo "1989"]
[WhiteRD "84"]
[BlackElo "2068"]
[BlackRD "103"]
[GameID "230428"]

1. e4 d5 2. exd5 Qxd5 3. Nc3 Qa5 4. d4 c6 5. Nf3 Nf6 6. Bc4 Bf5 7. Bd2 Nbd7 8. O-O e6 9. Re1 Bb4 10. a3 Bxc3
11. Bxc3 Qc7 12. Ne5 O-O 13. Bb4 c5 14. Nxd7 Nxd7
0-1

[Event "2009 Standard Chess Dropout Tournament, Round 4"]
[Site "SchemingMind.com"]
[Date "2009.12.11"]
[Round "4"]
[White "Ilang"]
[Black "Patjanka"]
[Result "1/2-1/2"]
[WhiteCountry "HUN"]
[BlackCountry "DEN"]
[WhiteElo "2382"]
[WhiteRD "93"]
[BlackElo "2343"]
[BlackRD "80"]
[GameID "230429"]

1. e4 c5 2. c3 Nf6 3. e5 Nd5 4. Nf3 b6 5. d4 cxd4 6. cxd4 Bb7 7. Nc3 e6 8. Bd2 Nxc3 9. bxc3 d6 10. Bb5+ Nd7
11. Rb1 Qc7 12. O-O Bc6 13. Qe2 Be7 14. Bg5 Bxb5 15. Rxb5 dxe5 16. Bxe7 Kxe7 17. Nxe5 a6 18. Rb4 Nxe5 19. dxe5 Rhd8 20. Rc4 Qb7
21. Rb4 Qc7 22. Rc4 Qb7 23. Rh4 h6 24. Rb4 Rac8 25. Qb2 Qc7 26. Rxb6 Qxe5 27. Rxa6 Qxc3 28. Ra7+ Rd7 29. Rxd7+ Kxd7 30. Qb7+ Rc7
31. Qb6 Ke7 32. a4=
1/2-1/2

[Event "2009 Standard Chess Dropout Tournament, Round 4"]
[Site "SchemingMind.com"]
[Date "2009.12.10"]
[Round "4"]
[White "John Elburg"]
[Black "baron1"]
[Result "1/2-1/2"]
[WhiteCountry "NED"]
[BlackCountry "ENG"]
[WhiteElo "2415"]
[WhiteRD "97"]
[BlackElo "2425"]
[BlackRD "99"]
[GameID "230431"]

1. e4 e5 2. Nf3 Nf6 3. Nc3 Nc6 4. Bb5 Nd4 5. O-O Nxb5 6. Nxb5 c6 7. Nc3 d6 8. d4 Qc7 9. h3 Be7 10. a4 h6
11. Be3 O-O 12. Qd3 b6 13. Qc4 Be6 14. Qd3 a6 15. b3 b5 16. Nd2 Rac8 17. Rfd1 exd4 18. Bxd4 b4 19. Ne2 c5 20. Bb2 c4
21. Nxc4 Bxc4 22. bxc4 Qxc4 23. Nd4 g6 24. Qe3 Kh7 25. Bc1 Ng8 26. Rb1 Bf6 27. Qd3 Rfd8 28. Bf4 Qxd3 29. Rxd3 Rc4 30. Nf3 d5
31. Nd2 Rxc2 32. exd5 Rc3 33. Rb3 Rc1+ 34. Kh2 g5 35. Bg3 Bc3 36. Bc7 Rd7 37. Ba5 Nf6 38. Bxb4 Be5+ 39. g3 Rxd5 40. Kg2 Rc2
41. Nf3 Ba1 42. Rxd5 Nxd5 43. Bd2 Rc6 44. g4 Kg6=
1/2-1/2

[Event "2009 Standard Chess Dropout Tournament, Round 4"]
[Site "SchemingMind.com"]
[Date "2009.12.15"]
[Round "4"]
[White "MARISCAL"]
[Black "CuriousShadow"]
[Result "1-0"]
[WhiteCountry "ESP"]
[BlackCountry "USA"]
[WhiteElo "2316"]
[WhiteRD "89"]
[BlackElo "2075"]
[BlackRD "139"]
[GameID "230432"]

1. e4 c5 2. c3 d5 3. exd5 Qxd5 4. d4 g6 5. Na3 cxd4 6. Nb5 Na6 7. Qxd4 Qxd4 8. Nxd4 Nf6 9. Ngf3 Nc7 10. Bf4 Ncd5
11. Be5 a6 12. Bc4 Nb6 13. Bb3 Bg7 14. O-O O-O 15. Rfe1 Bd7 16. Bg3 Rfe8 17. Ne5 e6 18. a4 Rad8 19. a5 Nbd5 20. Nc4 Bc8
21. Nd6 Re7 22. Ba4 b5 23. axb6 Nxb6 24. Nc6
1-0

[Event "2009 Standard Chess Dropout Tournament, Round 4"]
[Site "SchemingMind.com"]
[Date "2009.12.15"]
[Round "4"]
[White "Robert Pallett"]
[Black "C. H. O'D. Schlechter"]
[Result "1/2-1/2"]
[WhiteCountry "ENG"]
[BlackCountry "USA"]
[WhiteElo "2250"]
[WhiteRD "93"]
[BlackElo "2418"]
[BlackRD "75"]
[GameID "230434"]

1. e4 e6 2. d4 d5 3. e5 c5 4. c3 Nc6 5. Nf3 Qb6 6. Bd3 cxd4 7. cxd4 Bd7 8. O-O Nxd4 9. Nxd4 Qxd4 10. Qe2 Ne7
11. Nd2 Nc6 12. Nf3 Qb6 13. Be3 Bc5 14. Bxc5 Qxc5 15. Rfc1 Qe7 16. Qe3 O-O 17. Rc3 Rac8 18. Re1 f6 19. exf6 Rxf6 20. Bb5 a6
21. Bxc6 Rxc6 22. Ne5 Rxc3 23. Qxc3 Rf8 24. Rc1 Qd6 25. Qd4 Rc8 26. Rxc8+ Bxc8 27. Qf4 Qc7 28. h4 b5 29. Kh2 Bb7 30. Kg3 h6
31. a3 a5 32. Nf3 Qe7=
1/2-1/2

[Event "2009 Standard Chess Dropout Tournament, Round 4"]
[Site "SchemingMind.com"]
[Date "2009.12.12"]
[Round "4"]
[White "montinskij"]
[Black "Faloan"]
[Result "1/2-1/2"]
[WhiteCountry "USA"]
[BlackCountry "GER"]
[WhiteElo "2098"]
[WhiteRD "136"]
[BlackElo "2164"]
[BlackRD "86"]
[GameID "230435"]

1. e4 c5 2. Nf3 e6 3. d4 cxd4 4. Nxd4 Nc6 5. Nc3 Qc7 6. Be2 a6 7. O-O Nf6 8. Be3 Bb4 9. Na4 Be7 10. Nxc6 bxc6
11. Nb6 Rb8 12. Nxc8 Qxc8 13. Bd4 Qc7 14. c4 e5 15. Be3 Rxb2 16. Bc1 Rb7 17. Qc2 O-O 18. Bg5 Rfb8 19. Rab1 h6 20. Bxf6 Bxf6
21. Rxb7 Qxb7 22. Rd1 Qb2=
1/2-1/2

[Event "2009 Standard Chess Dropout Tournament, Round 4"]
[Site "SchemingMind.com"]
[Date "2009.12.15"]
[Round "4"]
[White "Patjanka"]
[Black "John M. Sargent"]
[Result "1-0"]
[WhiteCountry "DEN"]
[BlackCountry "ENG"]
[WhiteElo "2373"]
[WhiteRD "85"]
[BlackElo "2302"]
[BlackRD "89"]
[GameID "230436"]

1. e4 Nc6 2. d4 d5 3. Nc3 dxe4 4. d5 Nb8 5. f3 exf3 6. Nxf3 g6 7. Bc4 Bg7 8. Qe2 Nf6 9. Bg5 O-O 10. O-O-O a6
11. Rhe1 b5 12. Bb3 Re8 13. Ne5 Qd6 14. Qf3 Rf8 15. g4 Bb7 16. Bf4 Qb6 17. Nd3 Nfd7 18. Rxe7 a5 19. a3 Bf6 20. Re3 Na6
21. Bh6 a4 22. Ba2 b4 23. Nxa4 Qb5 24. Bb3 bxa3 25. bxa3 Rab8 26. g5 Bg7 27. Bxg7 Kxg7 28. Re7 Rbe8 29. Rde1 Rxe7 30. Rxe7 Kg8
31. Qf2 Bc8 32. Kb2 Qa5 33. h4 Qb5 34. c4 Qa5 35. c5 Qb5 36. d6
1-0

[Event "2009 Standard Chess Dropout Tournament, Round 4"]
[Site "SchemingMind.com"]
[Date "2009.12.11"]
[Round "4"]
[White "pjl1015"]
[Black "Ursus"]
[Result "1-0"]
[WhiteCountry "USA"]
[BlackCountry "INT"]
[WhiteElo "2388"]
[WhiteRD "109"]
[BlackElo "1743"]
[BlackRD "81"]
[GameID "230438"]

1. e4 c6 2. d4 d5 3. e5 Bf5 4. Nf3 e6 5. Be2 c5 6. Be3 Qb6 7. Nc3 c4 8. Rb1 Nc6 9. O-O Nb4 10. Ne1 Ne7
11. b3 cxb3 12. Rxb3 Qa5 13. Nb5 Nc8 14. Bd2 a6 15. Nd6+ Nxd6 16. Bxb4
1-0

[Event "2009 Standard Chess Dropout Tournament, Round 4"]
[Site "SchemingMind.com"]
[Date "2009.12.15"]
[Round "4"]
[White "remigius"]
[Black "Tyler"]
[Result "0-1"]
[WhiteCountry "ESP"]
[BlackCountry "SUI"]
[WhiteElo "2127"]
[WhiteRD "102"]
[BlackElo "2322"]
[BlackRD "115"]
[GameID "230439"]

1. e4 c5 2. c3 e6 3. d4 d5 4. e5 Qb6 5. Nf3 Nc6 6. a3 f6 7. b4 c4 8. a4 fxe5 9. b5 e4 10. bxc6 exf3
11. cxb7 Bxb7 12. Qxf3 Nf6 13. a5 Qc7 14. Bf4 Bd6 15. Bxd6 Qxd6 16. Qe3 O-O 17. Be2 Rae8 18. f4 Rd8 19. O-O Bc6 20. Nd2 Be8
21. h3 Bg6 22. Nf3 Nd7 23. Ne5 Nxe5 24. fxe5 Rxf1+ 25. Rxf1 Qe7 26. Qg3 Rb8 27. h4 Qe8 28. Bg4 Bf7 29. Kh2 Rb5 30. Ra1 h6
31. Qe3 h5 32. Bd1 Qd8 33. Qg3 Rb2 34. Bf3= Kh7 35. Kg1 Bg6 36. a6 Qe7 37. Qe1 Qf7 38. Qc1 Rc2 39. Qe3 Bd3 40. Rc1 Ra2
41. Qg5 g6 42. Re1 Rxa6 43. Kh2 Bf5 44. Re2 Ra3 45. Qc1 Qe7 46. Kg3 a5 47. Rb2 Rb3 48. Ra2 g5 49. Rxa5 gxh4+ 50. Kh2 Qg7
51. Qf4 Qg3+ 52. Qxg3 hxg3+ 53. Kxg3 Rxc3 54. Kh4 Kh6 55. Bxh5 Rc1 56. g4 Rh1+ 57. Kg3 Be4
0-1

[Event "2009 Standard Chess Dropout Tournament, Round 4"]
[Site "SchemingMind.com"]
[Date "2009.12.12"]
[Round "4"]
[White "saxon"]
[Black "montinskij"]
[Result "1-0"]
[WhiteCountry "GER"]
[BlackCountry "USA"]
[WhiteElo "2437"]
[WhiteRD "98"]
[BlackElo "2085"]
[BlackRD "135"]
[GameID "230441"]

1. e4 e5 2. Nf3 Nf6 3. d4 Nxe4 4. Bd3 d5 5. Nxe5 Bd6 6. O-O O-O 7. c4 Bxe5 8. dxe5 Nc6 9. cxd5 Qxd5 10. Qc2 Nb4
11. Bxe4 Nxc2 12. Bxd5 Bf5 13. g4 Bxg4 14. Be4 Nxa1 15. Be3 Rfe8 16. f4 Rad8 17. Nc3 f5= 18. Bxb7 Rd3 19. Bc5 Nc2 20. Ba6 Rf3=
21. Rxf3 Bxf3 22. Bd3 Na1 23. Bc4+ Kh8 24. e6 Nc2 25. e7 Bc6 26. Bb5 Nd4 27. Bxd4 Bxb5 28. Nxb5 Rxe7 29. Nxa7 Re4 30. Be5 Ra4
31. Nc6 Kg8 32. a3 g6 33. Kf2 Rc4 34. Nd4 c5 35. Ne2 Ra4 36. Nc3 Ra8 37. Ke3 Kf7 38. Kd3 Rd8+ 39. Kc4 Rd2 40. a4 Rxh2
41. a5 Rxb2 42. Kxc5 Rd2 43. a6 Rd8 44. a7 Ra8 45. Bb8 h5 46. Kd4 h4 47. Ke3 h3 48. Kf3 h2 49. Kg2 h1=Q+ 50. Kxh1 g5
51. Nd5 g4 52. Nc7
1-0

[Event "2009 Standard Chess Dropout Tournament, Round 4"]
[Site "SchemingMind.com"]
[Date "2009.12.10"]
[Round "4"]
[White "Stephen"]
[Black "thebirdolux"]
[Result "0-1"]
[WhiteCountry "ENG"]
[BlackCountry "USA"]
[WhiteElo "2068"]
[WhiteRD "103"]
[BlackElo "2470"]
[BlackRD "74"]
[GameID "230442"]

1. d4 Nf6 2. Nf3 e6 3. Bg5 h6 4. Bxf6 Qxf6 5. e4 Nc6 6. c3 d6 7. Nbd2 Bd7 8. Bd3 O-O-O 9. Qc2 g5 10. h3 h5
11. e5 dxe5 12. Ne4 Qg7 13. Nxe5 f5 14. Nxc6 Bxc6 15. Nd2 Bxg2 16. Rg1 Bxh3 17. O-O-O Bd6 18. Rge1 Rhe8 19. Kb1 h4 20. Qb3 f4
21. Rg1 Bf5 22. Bxf5 exf5 23. Nf3 g4 24. Nxh4 Qf6 25. Rh1 Re2 26. Rdf1 a6 27. Qd1 f3 28. Qd3 Rf8
0-1

[Event "2009 Standard Chess Dropout Tournament, Round 4"]
[Site "SchemingMind.com"]
[Date "2009.12.15"]
[Round "4"]
[White "sthorwall"]
[Black "saxon"]
[Result "0-1"]
[WhiteCountry "USA"]
[BlackCountry "GER"]
[WhiteElo "2136"]
[WhiteRD "75"]
[BlackElo "2428"]
[BlackRD "101"]
[GameID "230443"]

1. e4 c5 2. Nf3 e6 3. d4 cxd4 4. Nxd4 Nc6 5. Nc3 Qc7 6. Be2 a6 7. Be3 Nf6 8. O-O Bb4 9. Nxc6 bxc6 10. Na4 Rb8
11. c4 Be7 12. Qd3 c5 13. f4 d6 14. b3 Bb7 15. Nc3 Nd7 16. Rad1 Rd8 17. Bf3 O-O 18. Qd2 Rfe8 19. Qf2 Bf6 20. e5 dxe5
21. f5 Nf8 22. Rxd8 Bxd8 23. Bxb7 Qxb7 24. Bxc5 exf5 25. Qxf5 Ne6 26. Qxe5 Bf6 27. Rxf6 gxf6 28. Qxf6 Nxc5 29. Qg5+ Kf8 30. Qxc5+ Qe7
31. Qxe7+ Kxe7 32. Kf2 Kd6 33. Nd5 a5 34. g4 Re4 35. h3 Kc5 36. Nc3 Re6 37. Nd5 Kd4 38. h4 Re4 39. Kf3 Re1
0-1

[Event "2009 Standard Chess Dropout Tournament, Round 4"]
[Site "SchemingMind.com"]
[Date "2009.12.14"]
[Round "4"]
[White "thebirdolux"]
[Black "Zerstörer"]
[Result "1-0"]
[WhiteCountry "USA"]
[BlackCountry "ITA"]
[WhiteElo "2473"]
[WhiteRD "75"]
[BlackElo "1903"]
[BlackRD "85"]
[GameID "230444"]

1. e4 e5 2. Nf3 Nf6 3. d4 Nxe4 4. Bd3 d5 5. Nxe5 Nd7 6. Nxd7 Bxd7 7. O-O Bd6 8. c4 c6 9. Nd2 Nxd2 10. Bxd2 O-O
11. cxd5 Qh4 12. g3 Qh3 13. Qb3 Rfe8 14. Rfe1 Bg4 15. Qxb7
1-0

[Event "2009 Standard Chess Dropout Tournament, Round 4"]
[Site "SchemingMind.com"]
[Date "2009.12.12"]
[Round "4"]
[White "TRFz"]
[Black "Robert Pallett"]
[Result "1/2-1/2"]
[WhiteCountry "GBR"]
[BlackCountry "ENG"]
[WhiteElo "2204"]
[WhiteRD "82"]
[BlackElo "2250"]
[BlackRD "93"]
[GameID "230445"]

1. d4 Nf6 2. c4 e6 3. Nc3 Bb4 4. a3 Bxc3+ 5. bxc3 c5 6. f3 d5 7. cxd5 exd5 8. e3 O-O 9. Bd3 b6 10. Ne2 Ba6
11. O-O Re8 12. Ng3 Bxd3 13. Qxd3 Nc6 14. Bb2 c4 15. Qd2 Re6 16. Rae1 b5 17. Qf2 a5 18. e4 b4 19. e5 Nd7 20. f4 Qh4
21. f5 Ree8 22. f6 g6 23. axb4 axb4 24. cxb4 Nf8 25. Qd2 Reb8 26. Bc3 Ne6 27. Ne2 Ra3 28. Ra1 Rxa1 29. Rxa1 Qe4 30. Rd1 Na7
31. Bb2 Nb5 32. Nc3 Nxc3 33. Bxc3 h5 34. Re1=
1/2-1/2

[Event "2009 Standard Chess Dropout Tournament, Round 4"]
[Site "SchemingMind.com"]
[Date "2009.12.14"]
[Round "4"]
[White "Tyler"]
[Black "Fiesty 50"]
[Result "1-0"]
[WhiteCountry "SUI"]
[BlackCountry "ENG"]
[WhiteElo "2289"]
[WhiteRD "120"]
[BlackElo "2270"]
[BlackRD "89"]
[GameID "230446"]

1. e4 e6 2. d4 d5 3. Nc3 Bb4 4. e5 c5 5. a3 Bxc3+ 6. bxc3 Qc7 7. Nf3 Ne7 8. a4 Nbc6 9. Be2 Bd7 10. O-O b6
11. Bd3 c4 12. Be2 f6 13. exf6 gxf6 14. Re1 O-O-O 15. g3 Ng6 16. Bh6 Rhg8 17. Bf1 Qd6 18. Bg2 Rde8 19. Kh1 e5 20. dxe5 fxe5
21. Qd2 Na5 22. Rad1 Bc6 23. Kg1 Nb7 24. Kf1 Kc7 25. h4 Nc5 26. h5 Nf4 27. Nxe5 Nxg2 28. Kxg2 Kb7 29. Nxc6 Qxc6 30. Rxe8 Rxe8
31. Qxd5 Nxa4 32. Qf3 Re7 33. Qxc6+ Kxc6 34. Rd4 b5 35. Bf8 Re6 36. Bb4 Kc7 37. g4
1-0

[Event "2009 Standard Chess Dropout Tournament, Round 4"]
[Site "SchemingMind.com"]
[Date "2009.12.12"]
[Round "4"]
[White "Ursus"]
[Black "Ilang"]
[Result "0-1"]
[WhiteCountry "INT"]
[BlackCountry "HUN"]
[WhiteElo "1743"]
[WhiteRD "81"]
[BlackElo "2417"]
[BlackRD "107"]
[GameID "230447"]

1. e4 e5 2. Nf3 Nc6 3. d4 exd4 4. Nxd4 Bc5 5. Be3 Qf6 6. c3 d6 7. Bb5 Ne7 8. O-O O-O 9. f4 Bb6 10. e5 dxe5
11. fxe5 Qxe5 12. Qd3 Rd8 13. Bf4 Nxd4 14. cxd4 Rxd4 15. Bxe5 Rxd3+ 16. Kh1 Rd5
0-1

[Event "2009 Standard Chess Dropout Tournament, Round 4"]
[Site "SchemingMind.com"]
[Date "2009.12.10"]
[Round "4"]
[White "wilfried"]
[Black "capablanca"]
[Result "1-0"]
[WhiteCountry "GER"]
[BlackCountry "GER"]
[WhiteElo "2422"]
[WhiteRD "110"]
[BlackElo "1616"]
[BlackRD "52"]
[GameID "230448"]

1. d4 Nf6 2. c4 d5 3. cxd5 Nxd5 4. e4 Nb6 5. Nc3 e6 6. Nf3 Bb4 7. a3 Bxc3+ 8. bxc3 O-O 9. a4 a5 10. Bd3 Bd7
11. O-O Nc6 12. Qb3 Ne7 13. c4 Qe8 14. Bf4 Bxa4 15. Qa3 Bd7 16. Bxc7 Ng6 17. Bxb6
1-0

[Event "2009 Standard Chess Dropout Tournament, Round 4"]
[Site "SchemingMind.com"]
[Date "2009.12.15"]
[Round "4"]
[White "Zerstörer"]
[Black "Danzino"]
[Result "0-1"]
[WhiteCountry "ITA"]
[BlackCountry "GBR"]
[WhiteElo "1903"]
[WhiteRD "91"]
[BlackElo "2009"]
[BlackRD "96"]
[GameID "230449"]

1. b4 e5 2. Bb2 Bxb4 3. Bxe5 Nf6 4. c4 O-O 5. e3 d5 6. Nf3 Re8 7. Bc3 Nc6 8. Bxb4 Nxb4 9. Qb3 Nc6 10. cxd5 Nxd5
11. Nc3 Nb6 12. Rd1 Bg4 13. Be2 Bxf3 14. Bxf3 Nd4 15. Qb1 Nxf3+ 16. gxf3 Qh4 17. Ke2 Re6 18. Rhg1 Rae8
0-1